000 00189 a2200097 4500
020 _a9780061926518
041 _aeng
100 _aPhillip Margolin
245 _aSupreme justice
942 _cBK
999 _c11312
_d11312